|
|
|
|
| LEADER |
00000nas a2200000 a 4500 |
| 003 |
Ucuenca |
| 005 |
20230308225222.0 |
| 008 |
000000|1999 ec |||||r|||||||||||spa|| |
| 022 |
|
|
|a 13900080
|
| 040 |
|
|
|b spa
|
| 041 |
1 |
|
|a spa
|
| 082 |
0 |
|
|a 330.5
|b D732g
|
| 110 |
1 |
|
|9 180415
|a Dinediciones
|
| 245 |
|
0 |
|a Gestión Economía y Sociedad
|c Dinediciones
|h imp
|
| 264 |
|
|
|a Quito
|b Dinediciones
|c Marzo 1999
|
| 300 |
|
|
|a 74 páginas:
|b ilu
|c 27 cm
|
| 362 |
|
|
|a no. 57 (marzo 1999)
|
| 650 |
|
0 |
|a Ecuador
|9 207353
|
| 650 |
|
0 |
|a Historia económica
|9 12326
|
| 650 |
|
0 |
|a Bono solidario
|9 206706
|
| 650 |
|
|
|a Bono de la pobreza
|9 206708
|
| 650 |
|
|
|a Publicidad
|9 1704
|
| 650 |
|
|
|a Revista gestion
|9 198814
|
| 852 |
|
|
|a UC-CDJBV
|
| 942 |
|
|
|c SER
|
| 999 |
|
|
|c 151800
|d 151800
|